000 00663nam a2200169 4500
005 20240920074132.0
008 240920b |||||||| |||| 00| 0 eng d
020 _a978-621-409-190-4
082 _aFil. 394.2068 D611 2022
100 _aDisimulacion, Maria Arlene T.
245 _aIntroduction to meetings, incentives, conventions, and exhibition (MICE) and special events for tourism and hospitality /
_cMaria Arlene (Bam) Tuazon-Disimulacion
260 _aMandaluyong City:
_bBooks Atbp. Publishing,
_cc2022
300 _axii, 272p.:
_bill.
504 _aIncludes bibliographies
541 _e7603 c.1, 7604 c.2, 7605 c.3
650 _aSpecial events - Management
999 _c2326
_d2326